Normal view
MARC view
- NC Hasnain Ali NC Muhammad Saad GC Abdullah Malik
Entry Personal Name
001 - CONTROL NUMBER
- control field: 73123
003 - CONTROL NUMBER IDENTIFIER
- control field: NUST
005 - DATE AND TIME OF LATEST TRANSACTION
- control field: 20210628204954.0
008 - FIXED-LENGTH DATA ELEMENTS
- fixed length control field: 210628|| aca||aabn | a|a d
040 ## - CATALOGING SOURCE
- Original cataloging agency: NUST
- Transcribing agency: NUST
100 ## - HEADING--PERSONAL NAME
- Personal name: NC Hasnain Ali NC Muhammad Saad GC Abdullah Malik
670 ## - SOURCE DATA FOUND
- Source citation: Work cat.: (NUST): NC Hasnain Ali NC Muhammad Saad GC Abdullah Malik, PR-SOF-1955-Design, Fabrication and Analysis of Kite Power Generation System, 2020
